1375 1517 1979 1238 1485 1188 1394 1277 1005 1033 1823 1601 1086 1743 1009 1886 1236 1107 1813 1038 1807 1053 1291 1918 1638 1174 1682 1143 1213 1633 1235 1607 1922 1687 1059 1031 1952 1067 1415 1540 1937 1514 1489 1385 1544 1926 1538 1250 1247 1193 1662 1173 1310 1858 1225 1778 1111 1780 1950 1303 1183 1271 1761 1181 1458 1314 1600 1735 1729 1635 1990 1115 1705 1701 1059 1146 1233 1966 1940 1002 1521 1518 1805 1030 1844 1487 1077 1934 1497 1436 1639 1801 1001 1867 1912 1338 1185 1553 1107 BCNSPRNW ULIB Ver.6.0+V

เปลี่ยนเป็นภาษาไทย

Change to English
 แสดงรายละเอียดบรรณานุกรม
  กลับหน้าหลัก

Brief Record : Get Marc (ISO 2709) : E-mail record : QR code < ปิดหน้าต่าง
LEADER : 00000nam 2200000uu 4500
001    13399123717
003     ULIB
008    141119s2556||||th 000 0 tha d
020    ^a9789746522618
060  4 ^aQS604^bก768ว
100 0  ^aเกล็ดแก้ว ด่านวิวัฒน์
245 10 ^aวิทยาเอ็มบริโอ =^bEmbryology /^cเกล็ดแก้ว ด่านวิวัฒน์
246 31 ^aEmbryology
250    ^aพิมพ์ครั้งที่ 1 (ฉบับปรับปรุง)
260    ^aกรุงเทพฯ :^bไอกรุ๊ปเพรส,^c2556
300    1484 หน้า :^bภาพประกอบ ;^c26 ซม
650  2 ^aAbnormalities
650  2 ^aEmbryology
650  2 ^aFetal Development
650  4 ^aเอ็มบริโอ,
650  4 ^aคัพภวิทยา
945    ^p250^l0^i21741
945    ^p250^l0^i21742
945    ^p250^l0^i21743
945    ^p250^l0^i21744
945    ^p250^l0^i21745
945    ^p250^l0^i21746
945    ^p250^l0^i21747
945    ^p250^l0^i21748
945    ^p250^l0^i21749
945    ^p250^l0^i21750
999    ^aทศพร เกษรทอง
รายการนี้ยังไม่มีแท็ก
คุณยังไม่ได้ล็อกอิน คุณสามารถมีกิจกรรมร่วมกับเว็บไซต์ได้ แต่ต้องล็อกอินก่อน ::
  ล็อกอิน

รายการสื่อสารสนเทศ

ลำดับที่ ประเภท เลขเรียก/บาร์โค้ด สถานที่ สถานะ
1. วิทยาศาสตร์การแพทย์ และสุขภาพ
วิทยาศาสตร์การแพทย์ และสุขภาพ
สถานะ=หนังสือเก่า
QS604 ก768ว ฉ.1 
  Barcode: 21741
ห้องสมุดวิทยาเขตนครสวรรค์
►ส่วนจัดเก็บหนังสือเก่า นว.
บนชั้น
  ขอยืม
2. วิทยาศาสตร์การแพทย์ และสุขภาพ
วิทยาศาสตร์การแพทย์ และสุขภาพ
สถานะ=หนังสือเก่า
QS604 ก768ว ฉ.10 
  Barcode: 21750
ห้องสมุดวิทยาเขตนครสวรรค์
►ส่วนจัดเก็บหนังสือเก่า นว.
บนชั้น
  ขอยืม
3. วิทยาศาสตร์การแพทย์ และสุขภาพ
วิทยาศาสตร์การแพทย์ และสุขภาพ
สถานะ=หนังสือเก่า
QS604 ก768ว ฉ.2 
  Barcode: 21742
ห้องสมุดวิทยาเขตนครสวรรค์
►ส่วนจัดเก็บหนังสือเก่า นว.
บนชั้น
  ขอยืม
4. วิทยาศาสตร์การแพทย์ และสุขภาพ
วิทยาศาสตร์การแพทย์ และสุขภาพ
สถานะ=หนังสือเก่า
QS604 ก768ว ฉ.3 
  Barcode: 21743
ห้องสมุดวิทยาเขตนครสวรรค์
►ส่วนจัดเก็บหนังสือเก่า นว.
บนชั้น
  ขอยืม
5. วิทยาศาสตร์การแพทย์ และสุขภาพ
วิทยาศาสตร์การแพทย์ และสุขภาพ
สถานะ=หนังสือเก่า
QS604 ก768ว ฉ.4 
  Barcode: 21744
ห้องสมุดวิทยาเขตนครสวรรค์
►ส่วนจัดเก็บหนังสือเก่า นว.
บนชั้น
  ขอยืม
6. วิทยาศาสตร์การแพทย์ และสุขภาพ
วิทยาศาสตร์การแพทย์ และสุขภาพ
สถานะ=หนังสือเก่า
QS604 ก768ว ฉ.5 
  Barcode: 21745
ห้องสมุดวิทยาเขตนครสวรรค์
►ส่วนจัดเก็บหนังสือเก่า นว.
บนชั้น
  ขอยืม
7. วิทยาศาสตร์การแพทย์ และสุขภาพ
วิทยาศาสตร์การแพทย์ และสุขภาพ
สถานะ=หนังสือเก่า
QS604 ก768ว ฉ.6 
  Barcode: 21746
ห้องสมุดวิทยาเขตนครสวรรค์
►ส่วนจัดเก็บหนังสือเก่า นว.
บนชั้น
  ขอยืม
8. วิทยาศาสตร์การแพทย์ และสุขภาพ
วิทยาศาสตร์การแพทย์ และสุขภาพ
สถานะ=หนังสือเก่า
QS604 ก768ว ฉ.7 
  Barcode: 21747
ห้องสมุดวิทยาเขตนครสวรรค์
►ส่วนจัดเก็บหนังสือเก่า นว.
บนชั้น
  ขอยืม
9. วิทยาศาสตร์การแพทย์ และสุขภาพ
วิทยาศาสตร์การแพทย์ และสุขภาพ
สถานะ=หนังสือเก่า
QS604 ก768ว ฉ.8 
  Barcode: 21748
ห้องสมุดวิทยาเขตนครสวรรค์
►ส่วนจัดเก็บหนังสือเก่า นว.
บนชั้น
  ขอยืม
10. วิทยาศาสตร์การแพทย์ และสุขภาพ
วิทยาศาสตร์การแพทย์ และสุขภาพ
สถานะ=หนังสือเก่า
QS604 ก768ว ฉ.9 
  Barcode: 21749
ห้องสมุดวิทยาเขตนครสวรรค์
►ส่วนจัดเก็บหนังสือเก่า นว.
บนชั้น
  ขอยืม

รายการใกล้เคียง
    ผู้แต่ง [เกล็ดแก้ว ด่านวิวัฒน์]

    หัวเรื่อง [Abnormalities]
    หัวเรื่อง [Embryology]
    หัวเรื่อง [Fetal Development]
    หัวเรื่อง [เอ็มบริโอ,]
    หัวเรื่อง [คัพภวิทยา]

BibComment


ยังไม่เคยถูกคอมเมนท์

คอมเมนท์ทรัพยากรรายการนี้
  คอมเมนท์: วิทยาเอ็มบริโอ ..


 Copyright 2026. Bcnsprnw @Library